000 01091cam a22002294a 4500
005 20250605164326.0
008 250528s ||||||||||||||||||||||||d
035 _a23076
020 _a9781405116954 - 1401516951
040 _aGR-AtMCL
_bgre
_dGR-AtMCL
_eAACR2
245 1 _aDevelopmental Psychology in Action
250 _a1st
260 _aMalden, MA
_bBlackwell Publishing,
_c2006
300 _a248
520 _aThis series provides a detailed and thorough undergraduate - level introduction to the central concepts and theories and current issues and research evidence in developmental psychology. Foreword, Introduction: Developmental Psychology in Action, Understanding Specific Learning Difficulties, Children and the Legal System, Health Psychology: Children and Development, Autism and Developmental Psychology, Psychology and Education: Understanding Teaching and Learning, Acknowledgements, Name and Subject Index.
700 1 _aLittleton Karen
_98630
700 1 _aSheely Kieron
_98631
700 1 _aWood Clare
_98632
942 _cBK
999 _c8107
_d8107